The Pigeon finds a hot dog! / (Record no. 5473)

MARC details
000 -LEADER
fixed length control field 00901nam a22002897a 4500
001 - CONTROL NUMBER
control field 5473
003 - CONTROL NUMBER IDENTIFIER
control field FISKH
005 - DATE AND TIME OF LATEST TRANSACTION
control field 20250327090107.0
008 - FIXED-LENGTH DATA ELEMENTS--GENERAL INFORMATION
fixed length control field 241210b cb ||||| |||| 00| 0 eng d
020 ## - INTERNATIONAL STANDARD BOOK NUMBER
International Standard Book Number 9780439800129
040 ## - CATALOGING SOURCE
Original cataloging agency FISKH
Language of cataloging eng
Transcribing agency FISKH
Modifying agency FISKH
050 ## - LIBRARY OF CONGRESS CALL NUMBER
Classification number PZ7.W65535
082 ## - DEWEY DECIMAL CLASSIFICATION NUMBER
Classification number 813.6
100 ## - MAIN ENTRY--PERSONAL NAME
Personal name Willems, Mo
Dates associated with a name (1968-)
245 ## - TITLE STATEMENT
Title The Pigeon finds a hot dog! /
Statement of responsibility, etc. words and pictures by mo willems
250 ## - EDITION STATEMENT
Edition statement First printing in 2005
260 ## - PUBLICATION, DISTRIBUTION, ETC.
Place of publication, distribution, etc. New York :
Name of publisher, distributor, etc. Scholastic,
Date of publication, distribution, etc. 2005.
300 ## - PHYSICAL DESCRIPTION
Extent 34 pages :
Other physical details color illustrations ;
Dimensions 23 cm
505 ## - FORMATTED CONTENTS NOTE
Formatted contents note G<br/>
520 ## - SUMMARY, ETC.
Summary, etc. Pigeon learns about sharing when a curious duckling keeps asking questions about the hot dog Pigeon has found.
521 8# - TARGET AUDIENCE NOTE
Target audience note 411<br/>
Source Lexile<br/>
521 8# - TARGET AUDIENCE NOTE
Target audience note G<br/>
Source Raz-Plus<br/>
650 ## - SUBJECT ADDED ENTRY--TOPICAL TERM
Source of heading or term Sharing
Topical term or geographic name entry element Fiction
650 ## - SUBJECT ADDED ENTRY--TOPICAL TERM
Source of heading or term Animals
Topical term or geographic name entry element Picture book
700 ## - ADDED ENTRY--PERSONAL NAME
Personal name Willems, Mo
Dates associated with a name Illustrator
942 ## - ADDED ENTRY ELEMENTS (KOHA)
Source of classification or shelving scheme Dewey Decimal Classification
Koha item type Books
Suppress in OPAC No
Holdings
Withdrawn status Lost status Source of classification or shelving scheme Damaged status Not for loan Collection Home library Current library Shelving location Date acquired Total Checkouts Full call number Barcode Date last seen Date last checked out Copy number Price effective from Koha item type
    Dewey Decimal Classification     Fiction Footprints International School Library Network Toul Kork Campus Footprints International School Library Network Toul Kork Campus TK Primary Library Room(4th Floor), Bookcase 1&2, Shelves 1-16, Dark Blue Books 12/10/2024 3 WIL 813.6 PZ7.W65535 2024-2433 05/07/2025 04/30/2025 1 12/10/2024 Books
    Dewey Decimal Classification     Fiction Footprints International School Library Network Toul Kork Campus Footprints International School Library Network Toul Kork Campus TK Primary Library Room(4th Floor), Bookcase 1&2, Shelves 1-16, Dark Blue Books 12/10/2024 1 WIL 813.6 PZ7.W65535 2024-2434 04/02/2025 02/04/2025 2 12/10/2024 Books
    Dewey Decimal Classification     Juvenile Fiction Footprints International School Library Network Toul Tom Poung Campus Footprints International School Library Network Toul Tom Poung Campus TTP Primary Dark Blue Bookshelves 03/27/2025   WIL 813.6 PZ7.W65535 2025-0825 03/27/2025   3 03/27/2025 Books